| 000 | 004840000a22001690004500 | ||
|---|---|---|---|
| 041 | 0 | _aENG | |
| 082 | 0 | 4 | _aG 282.3 P124w |
| 100 | 1 | _aPadrosa, Luis | |
| 245 | 1 | 0 | _aWhi did I leave the chruch of Rome? / Luis Padrosa ; E. Stuart Brown, Traductor |
| 260 | _aBelfats, Great Britain : National Union of Protestants | ||
| 300 | _a89 Pag | ||
| 001 | 8704 | ||
| 942 | _cBK | ||
| 999 |
_c38829 _d38829 |
||
| 336 |
_atexto _btxt _2rdacontent |
||
| 337 |
_2rdamedia _asin mediación _bn |
||
| 338 |
_2rdacarrier _avolumen _bnc |
||